000
00293nam a22001337a 4500
008
170616b xxu||||| |||| 00| 0 eng d
020
_a
9780073516066
041
_a
eng
080
_2
27 ED
_a
32
100
_a
20
101
_a
SHP
245
_a
WORLD POLITICS
_c
PURKITT.H.E
942
_2
udc
_c
BK
999
_c
17681
_d
17681